000 01707nam a2200373 c 4500
003 BLK
005 20230515141301.0
008 180408b bul|||||r ||||||| ||bul||
010 _aKNG00036501000
020 _a954-8210-42-8
_bиздат.: Съюз на писателите земеделци
040 _aBLK
041 _aBUL
_cBUL
072 7 _2bullib
_aК
_xКраезнание
080 _aПолитически партии и движения
_b329
_x(497.2)БЗНС(092)(093.3)
_z329(497.2)БЗНС(092)(093.3)
080 _a
_b929 Хорозов, Крум Кънчев
_x
_z929 Хорозов, Крум Кънчев
700 1 _aХорозов, Крум Кънчев
_d1925-2017
_eавт.-състав.
_9366025
139 _aХорозов, Крум Кънчев
_bХ 69
245 1 0 _aПроиграна борба
_bФакти и док.
_cавт.-състав. Крум Кънчев Хорозов.
257 _aBGR
260 София
_bСъюз на писателите земеделци
_c2001
_fРусе : Лени Ан
300 _a295 с.
_bс портр., факс., ил.
_c20 см
380 _a3
500 _aЗа дейността на Милан Дренчев, Анастасия Мозер, Георги Пинчев, Петко Илиев, главни секретари на БЗНС. - Изд. е продълж. на кн. Озарението, 1999.
600 1 4 _aХорозов, Крум Кънчев
_d1925-2017
_9366025
650 4 _aБЗНС - история
_9245934
653 _aБЗНС
653 _aдейци
659 _aК
852 _aЦб 208929
856 4 _qpdf
_u
856 4 _qpdf
_u
942 _cKNG
_n0
944 _aCR
_c15.01.2003
_kВаля_Йорданова
944 _aED
_c27.05.2014
_k
999 _c33808
_d33808